ნორმალური ფორმატი
MARC ფორმატი
ჩანაწერი Personal Name
ჩანაწერთა რაოდენობა, რომელიც გამოყენებულია: 1
001 - CONTROL NUMBER
- control field: 21895
003 - CONTROL NUMBER IDENTIFIER
- control field: GE_BSU
005 - DATE AND TIME OF LATEST TRANSACTION
- control field: 20240419165700.0
008 - FIXED-LENGTH DATA ELEMENTS
- fixed length control field: 240419|| aca||aabn | a|a d
040 ## - CATALOGING SOURCE
- Original cataloging agency: GE_BSU
- Transcribing agency: GE_BSU
100 ## - HEADING--PERSONAL NAME
- Personal name: Eckert, George M.
670 ## - SOURCE DATA FOUND
- Source citation: Work cat.: (GE_BSU)0: International Conference on Phenothiazines and Structurally Related Psychotropic Compounds (6th : 1990 : Pasadena, Calif.) 21890, Thiazines and structurally related compounds :, 1992.
